• 首页
  • 本馆介绍
  • 公告通知
  • 最新文献
  • 馆藏检索
  • 电子资源
  • 读者荐购
  • 参考咨询
  • CALIS
  • 我的图书馆
  • 登录
  • 详细信息显示
  • 放入我的书架
  • 预约/预借图书
  • 作者相关作品
  • 分类相关作品
  • 丛书相关作品
  • 出版社相关作品

书目信息

  • 表格格式
  • 工作单格式
  • 卡片格式
题名:
全国翻译硕士专业学位(MTI)备考用书
    
 
作者: 戴正莉 , 雷良琼 主编
分册:   百科知识高频词条
出版信息: 北京   中国人民大学出版社  2024.08
页数: 197页
开本: 26cm
丛书名:
单 册:
中图分类: H315.9
科图分类:
主题词: 英语--翻译--研究生--入学考试--自学参考资料
电子资源:
ISBN: 978-7-300-33038-9
 
 
 
 
 
000 01164nam2 2200265 450
001 01030235
005 20251022095626.65
010    @a978-7-300-33038-9@dCNY49.00
100    @a20240923d2024 em y0chiy0120 ea
101 0  @achi
102    @aCN@b110000
105    @ay z 000yy
106    @ar
200 1  @a全国翻译硕士专业学位(MTI)备考用书@9quan guo fan yi shuo shi zhuan ye xue wei( mti) bei kao yong shu@i百科知识高频词条@f戴正莉, 雷良琼主编
210    @a北京@c中国人民大学出版社@d2024.08
215    @a197页@d26cm
300    @a人大社考试
330    @a全国翻译硕士专业学位(MTI)每年预计招生1万人,报名人数约在6-7万之间。市面目前普遍考研报课参培率为30%,不管报班还是自学都会100%购买辅导资料。本考试考三门,都是院校自主命题的科目,本书从知名、热门报考院校比如北京大学、北京外国语大学、同济大学、华中科技大学、厦门大学等19年-23年真题梳理了汉语写作与百科
517 1  @a百科知识高频词条@9bai ke zhi shi gao pin ci tiao
606 0  @a英语@x翻译@x研究生@x入学考试@j自学参考资料
690    @aH315.9@v5
701  0 @a戴正莉@9dai zheng li@4主编
701  0 @a雷良琼@9lei liang qiong@4主编
801  0 @aCN@c20250910
905    @a河南城建学院图书馆@dH315.9@eD143@ZD143@f1
    
    全国翻译硕士专业学位(MTI)备考用书.百科知识高频词条/戴正莉, 雷良琼主编.-北京:中国人民大学出版社,2024.08
    197页;26cm
    人大社考试
    
    ISBN 978-7-300-33038-9:CNY49.00
    全国翻译硕士专业学位(MTI)每年预计招生1万人,报名人数约在6-7万之间。市面目前普遍考研报课参培率为30%,不管报班还是自学都会100%购买辅导资料。本考试考三门,都是院校自主命题的科目,本书从知名、热门报考院校比如北京大学、北京外国语大学、同济大学、华中科技大学、厦门大学等19年-23年真题梳理了汉语写作与百科
●
相关链接 在E读中查询图书 在当当中查询图书 在豆瓣中查询图书


正题名:全国翻译硕士专业学位(MTI)备考用书     索取号:H315.9/D143         预约/预借

序号 登录号 条形码 馆藏地/架位号 状态 备注
1 1634572   216345729   语言库209/209语言库 9排1列3层/ [索取号:H315.9/D143] 在馆    
河南城建学院图书馆 欢迎您!
大连网信软件有限公司© 版权所有